000 00311nam a22001457a 4500
008 221006b ||||| |||| 00| 0 eng d
020 _a0883940000
041 _aeng
080 _a572
082 _a572 MCL
100 _a44.1
101 _aANTRO
245 _aTOUCH THE EARTH
_cMCLUHAN T.C
942 _2udc
_cBK
999 _c58379
_d58379